[Event "V Open Capo d'Orso"]
[Site "Portomannu - Palau ITA"]
[Date "2013.06.07"]
[Round "8"]
[White "Del Nevo, Claudio"]
[Black "Esposito, Luca"]
[WhiteElo "1840"]
[BlackElo "2297"]
[Result "0-1"]
[PlyCount "90"]
[EventDate "2013.06.01"]

1. d4 Nf6 2. Nf3 e6 3. Bg5 h6 4. Bh4 c5 5. c3 b6 6. e3 Bb7 7. Bd3 Be7 8. Qc2
Nc6 9. Bxf6 gxf6 10. Nbd2 Rg8 11. Rg1 cxd4 12. exd4 Qc7 13. O-O-O O-O-O 14. Qa4
Kb8 15. Kb1 f5 16. g3 Rg4 17. h3 Rg7 18. Ba6 Bxa6 19. Qxa6 d5 20. Rc1 h5 21. a3
Qb7 22. Qb5 a6 23. Qd3 Bf6 24. Rge1 Ka7 25. Ne5 Bxe5 26. dxe5 h4 27. Nb3 Rh8
28. gxh4 Rxh4 29. Nd4 Rgh7 30. Nxc6+ Qxc6 31. Rh1 Qc4 32. Qg3 Qf4 33. Rcg1 Qxg3
34. Rxg3 Kb7 35. Rhg1 Kc6 36. Kc2 Kd7 37. Rh1 R7h5 38. Rg8 Rxh3 39. Rxh3 Rxh3
40. Ra8 Rf3 41. Rxa6 Rxf2+ 42. Kd3 Rxb2 43. Ra7+ Ke8 44. Ra8+ Ke7 45. Rb8 f4
0-1

[Event "V Open Capo d'Orso"]
[Site "Portomannu - Palau ITA"]
[Date "2013.06.07"]
[Round "8"]
[White "Kyas, Juergen"]
[Black "L'Ami, Alina"]
[WhiteElo "2198"]
[BlackElo "2345"]
[Result "0-1"]
[PlyCount "46"]
[EventDate "2013.06.01"]

1. e4 e6 2. d4 d5 3. Nd2 Nf6 4. e5 Nfd7 5. Bd3 c5 6. c3 Nc6 7. Ne2 cxd4 8. cxd4
f6 9. exf6 Nxf6 10. Nf3 Bd6 11. O-O O-O 12. Nc3 Bd7 13. Re1 Ng4 14. Be3 Be8 15.
h3 Nxe3 16. fxe3 Bh5 17. Rf1 Bxf3 18. Rxf3 Qg5 19. Kh1 Rxf3 20. Qxf3 Rf8 21.
Qg4 Qxe3 22. Rf1 Rxf1+ 23. Bxf1 Nxd4 0-1

[Event "V Open Capo d'Orso"]
[Site "Portomannu - Palau ITA"]
[Date "2013.06.07"]
[Round "8"]
[White "Lanzani, Mario"]
[Black "Marin, Mihail"]
[WhiteElo "2303"]
[BlackElo "2549"]
[Result "0-1"]
[PlyCount "90"]
[EventDate "2013.06.01"]

1. e4 g6 2. d4 Bg7 3. Nf3 d6 4. Be2 Nd7 5. O-O e5 6. dxe5 dxe5 7. Nc3 Ngf6 8.
Bc4 O-O 9. Be3 Qe7 10. Qc1 c6 11. a4 Nc5 12. Bg5 Qc7 13. Re1 Ne6 14. Bxe6 Bxe6
15. Bh6 a5 16. Bxg7 Kxg7 17. Qe3 Rad8 18. Rad1 Bg4 19. h3 Bxf3 20. Qxf3 Qb6 21.
b3 Qc5 22. Rd3 Rd4 23. Qe3 Qb4 24. Red1 Rfd8 25. Kf1 Nxe4 26. Rxd4 exd4 27.
Qxe4 Qxc3 28. Qe5+ Kg8 29. Qe7 Rf8 30. Qe4 c5 31. Kg1 Qb4 32. Qe7 b5 33. axb5
Qxb5 34. Re1 c4 35. Re5 Qb8 36. bxc4 Qb1+ 37. Kh2 Qxc2 38. Rxa5 Qxf2 39. Qe4
Rd8 40. Rd5 Rxd5 41. Qxd5 Qf4+ 42. Kg1 Qe3+ 43. Kh2 d3 44. c5 Qf4+ 45. Kg1 Qc1+
0-1

[Event "V Open Capo d'Orso"]
[Site "Portomannu - Palau ITA"]
[Date "2013.06.07"]
[Round "8"]
[White "Loeffler, Stefan"]
[Black "Serra, Emanuele"]
[WhiteElo "2425"]
[BlackElo "1903"]
[Result "1-0"]
[PlyCount "57"]
[EventDate "2013.06.01"]

1. e4 e5 2. Nf3 Nc6 3. Nc3 Nf6 4. a3 d6 5. Bb5 Bd7 6. d4 exd4 7. Nxd4 Nxd4 8.
Bxd7+ Qxd7 9. Qxd4 Be7 10. Bf4 Nh5 11. Be3 Qg4 12. Nd5 Bf6 13. Nxc7+ Kd7 14.
Qc4 Rac8 15. Qxf7+ Kc6 16. Nd5 a5 17. Nb6 Bd4 18. Bxd4 Qxe4+ 19. Be3 Nf6 20.
O-O-O Rc7 21. Qb3 d5 22. Rd4 Qf5 23. Qa4+ Kd6 24. Bf4+ Ke7 25. Bxc7 Qxf2 26.
Nxd5+ Kf7 27. Nxf6 b5 28. Qb3+ Kxf6 29. Rd6+ 1-0

[Event "V Open Capo d'Orso"]
[Site "Portomannu - Palau ITA"]
[Date "2013.06.07"]
[Round "8"]
[White "Nohr, Finn"]
[Black "Virzi, Ettore"]
[WhiteElo "2100"]
[BlackElo "1963"]
[Result "1-0"]
[PlyCount "63"]
[EventDate "2013.06.01"]

1. e4 e5 2. Nf3 Nc6 3. Bb5 a6 4. Ba4 Nf6 5. O-O b5 6. Bb3 Bc5 7. d3 d6 8. c3
Bb6 9. Nbd2 O-O 10. Re1 h6 11. Nf1 Na5 12. Bc2 c5 13. h3 Re8 14. Ng3 Nc6 15.
Nh4 d5 16. Qf3 d4 17. Nhf5 Bxf5 18. Nxf5 Kh7 19. g4 c4 20. g5 hxg5 21. Bxg5 Re6
22. Kh2 Ne7 23. a4 Ng6 24. Rg1 Bc5 25. h4 Bf8 26. h5 Nf4 27. Bxf4 exf4 28. cxd4
cxd3 29. Bxd3 bxa4 30. e5 g6 31. hxg6+ fxg6 32. exf6 1-0

[Event "V Open Capo d'Orso"]
[Site "Portomannu - Palau ITA"]
[Date "2013.06.07"]
[Round "8"]
[White "Rowson, Jonathan"]
[Black "Tommasini, Enzo"]
[WhiteElo "2574"]
[BlackElo "2161"]
[Result "1-0"]
[PlyCount "57"]
[EventDate "2013.06.01"]

1. d4 e6 2. c4 d5 3. Nc3 Nf6 4. cxd5 exd5 5. Bg5 c6 6. Qc2 Nbd7 7. e3 Be7 8.
Bd3 h6 9. Bh4 Nh5 10. Bxe7 Qxe7 11. O-O-O Nhf6 12. h3 O-O 13. Nf3 Re8 14. Nd2
Nf8 15. g4 Be6 16. Rdg1 Rec8 17. g5 hxg5 18. Rxg5 N8h7 19. Rg2 Kh8 20. Rhg1 Rg8
21. Nf3 Rac8 22. Kb1 c5 23. dxc5 Rxc5 24. Qa4 Qd7 25. Qd4 b6 26. Ng5 Bf5 27.
Nxf7+ Qxf7 28. Bxf5 g6 29. Bxg6 1-0

[Event "V Open Capo d'Orso"]
[Site "Portomannu - Palau ITA"]
[Date "2013.06.07"]
[Round "8"]
[White "Silini, Riccardo"]
[Black "Neri, Enzo"]
[WhiteElo "1788"]
[BlackElo "2052"]
[Result "0-1"]
[PlyCount "52"]
[EventDate "2013.06.01"]

1. e4 c5 2. Nf3 a6 3. c3 d5 4. exd5 Qxd5 5. h3 e5 6. Qe2 Nc6 7. Qc4 Nf6 8. Qxd5
Nxd5 9. d3 Be7 10. Be2 O-O 11. O-O h6 12. a4 Bf5 13. Be3 Rad8 14. Ne1 Be6 15.
c4 Ndb4 16. Nc3 f5 17. Rd1 f4 18. Bd2 Nd4 19. Ne4 Nxe2+ 20. Kh2 Nc6 21. Bc3
Bxc4 22. Rd2 Nxc3 23. bxc3 Bd5 24. f3 Bxe4 25. fxe4 c4 26. Rff2 Bh4 0-1

[Event "V Open Capo d'Orso"]
[Site "Portomannu - Palau ITA"]
[Date "2013.06.07"]
[Round "8"]
[White "Tischbierek, Raj"]
[Black "Puzko, Danila"]
[WhiteElo "2426"]
[BlackElo "2018"]
[Result "1-0"]
[PlyCount "99"]
[EventDate "2013.06.01"]

1. e4 e6 2. d4 d5 3. Nc3 Bb4 4. e5 c5 5. a3 Bxc3+ 6. bxc3 Ne7 7. Nf3 Bd7 8. a4
Qa5 9. Bd2 c4 10. h4 Nbc6 11. h5 h6 12. g3 O-O-O 13. Bh3 Rdf8 14. O-O Nf5 15.
Qe1 g5 16. Nh2 Ng7 17. Qe2 Ne7 18. Kg2 Nef5 19. Bg4 Qd8 20. f4 gxf4 21. Bxf4
Rfg8 22. Rg1 Qa5 23. Qd2 Bxa4 24. Kh1 b5 25. Be2 Qc7 26. Raf1 Ne8 27. g4 Ne7
28. Bxh6 Nc6 29. Bf4 a5 30. Ra1 Qe7 31. g5 Ng7 32. h6 Nf5 33. Ng4 Qf8 34. Nf6
Rg6 35. Rg2 Nce7 36. Bh5 Qd8 37. Qf2 Qc7 38. Kg1 Qc6 39. Qd2 Qb6 40. Kf1 Qa6
41. Qe1 Qc6 42. Qd2 Qa6 43. Ra2 Qb6 44. Rg4 Qc6 45. Qe1 Qa6 46. Bc1 Kc7 47. Qf2
Rb8 48. Bxg6 Nxg6 49. Nxd5+ exd5 50. Qxf5 1-0

[Event "V Open Capo d'Orso"]
[Site "Portomannu - Palau ITA"]
[Date "2013.06.08"]
[Round "9"]
[White "Danieli, Enrico"]
[Black "Loeffler, Stefan"]
[WhiteElo "2093"]
[BlackElo "2425"]
[Result "0-1"]
[PlyCount "84"]
[EventDate "2013.06.01"]

1. d4 Nf6 2. Nc3 d5 3. e4 Nxe4 4. Nxe4 dxe4 5. Bf4 Bf5 6. Qd2 e6 7. O-O-O Bd6
8. Ne2 Nd7 9. Nc3 O-O 10. Bc4 Bg6 11. Bg5 Be7 12. h4 h6 13. Bxe7 Qxe7 14. g4
Nb6 15. Bb3 a5 16. a3 a4 17. Ba2 Rfd8 18. Qe3 Nd5 19. Bxd5 exd5 20. Rdg1 Bh7
21. Ne2 Ra6 22. Nf4 f6 23. Rg2 c5 24. Ne2 cxd4 25. Nxd4 Qe5 26. Rhg1 g5 27. c3
Kf7 28. Kb1 Rg8 29. Rh1 Qf4 30. hxg5 fxg5 31. Qe2 Rb6 32. Ka1 Kg7 33. Rgh2 Re8
34. Rh3 Qe5 35. Re3 Rf8 36. Qc2 Qf4 37. Qxa4 Qxf2 38. Re2 Qf7 39. Rhh2 Qf1+ 40.
Ka2 Rf7 41. Qa5 Rff6 42. Qxd5 Bg8 0-1

[Event "V Open Capo d'Orso"]
[Site "Portomannu - Palau ITA"]
[Date "2013.06.08"]
[Round "9"]
[White "Esposito, Luca"]
[Black "Caoili, Arianne"]
[WhiteElo "2297"]
[BlackElo "2219"]
[Result "0-1"]
[PlyCount "56"]
[EventDate "2013.06.01"]

1. d4 f5 2. Nf3 Nf6 3. g3 g6 4. Bg2 Bg7 5. O-O O-O 6. b3 d6 7. Bb2 Qe8 8. c4
Nbd7 9. Nc3 c6 10. Qc2 e5 11. dxe5 dxe5 12. e4 f4 13. Ba3 h6 14. Bxf8 Nxf8 15.
Rad1 g5 16. h3 Bxh3 17. Bxh3 g4 18. Bg2 gxf3 19. Bxf3 Ne6 20. Rd3 Qg6 21. Bg2
Ng4 22. Bh3 Rf8 23. Qe2 h5 24. f3 Nd4 25. Qe1 Ne3 26. Rxe3 fxe3 27. Qxe3 Qxg3+
28. Bg2 h4 0-1

[Event "V Open Capo d'Orso"]
[Site "Portomannu - Palau ITA"]
[Date "2013.06.08"]
[Round "9"]
[White "Hajenius, Willem"]
[Black "Cardili, Mariano"]
[WhiteElo "1909"]
[BlackElo "2131"]
[Result "1/2-1/2"]
[PlyCount "121"]
[EventDate "2013.06.01"]

1. d4 d5 2. c4 c6 3. cxd5 cxd5 4. Nc3 Nf6 5. Nf3 Nc6 6. Bf4 Bf5 7. e3 e6 8. Bb5
Nd7 9. Qa4 Rc8 10. O-O a6 11. Bxc6 Rxc6 12. Rfc1 Be7 13. Ne2 b5 14. Qd1 Rc4 15.
b3 Rxc1 16. Rxc1 O-O 17. Ng3 Bg6 18. h3 Ba3 19. Rc6 Qa8 20. Rc7 Qd8 21. Rc6 Qa8
22. Rc7 Nf6 23. Nh4 Rc8 24. Nxg6 Rxc7 25. Bxc7 hxg6 26. Qd2 Qc6 27. Ba5 Bd6 28.
Ne2 Kf8 29. Bb4 Ke7 30. Bxd6+ Qxd6 31. Qc2 Kd7 32. Nf4 Qc6 33. Qxc6+ Kxc6 34.
Nd3 Nd7 35. Kf1 a5 36. a3 a4 37. b4 Nb6 38. Ne1 Nc4 39. Nc2 Kd6 40. f4 f6 41.
Ke2 Kc6 42. h4 Nd6 43. Kf3 Ne4 44. g3 Kd6 45. Kg2 Nd2 46. Kf2 Nc4 47. Ke2 Ke7
48. Kd3 Nd6 49. Ke2 Kf7 50. Kf2 g5 51. hxg5 fxg5 52. Kg2 Kf6 53. Kf3 Kf5 54.
g4+ Kf6 55. Kg3 gxf4+ 56. exf4 g5 57. fxg5+ Kxg5 58. Kf3 Nc4 59. Kg3 Nd6 60.
Kf3 Nc4 61. Kg3 1/2-1/2

[Event "V Open Capo d'Orso"]
[Site "Portomannu - Palau ITA"]
[Date "2013.06.08"]
[Round "9"]
[White "Libiszewski, Fabien"]
[Black "Rowson, Jonathan"]
[WhiteElo "2520"]
[BlackElo "2574"]
[Result "1/2-1/2"]
[PlyCount "100"]
[EventDate "2013.06.01"]

1. c4 g6 2. g3 Bg7 3. Bg2 e5 4. Nc3 d6 5. e3 Nc6 6. Nge2 h5 7. h3 Be6 8. d3 Qd7
9. Rb1 Rb8 10. b4 a6 11. a4 Nce7 12. b5 axb5 13. axb5 Nf6 14. e4 O-O 15. Be3
Nh7 16. Nd5 c6 17. Nxe7+ Qxe7 18. O-O Qd7 19. Kh2 d5 20. Bc5 Rfc8 21. bxc6 bxc6
22. Rxb8 Rxb8 23. cxd5 cxd5 24. Nc3 d4 25. Nd5 Bf8 26. Bxf8 Kxf8 27. Qc1 Kg7
28. f4 Rc8 29. Qb2 Qd6 30. fxe5 Qxe5 31. Nf4 Rc3 32. Qf2 Nf6 33. Rb1 g5 34.
Nxe6+ fxe6 35. Bf1 h4 36. Kg2 hxg3 37. Qxg3 Rc2+ 38. Kf3 g4+ 39. hxg4 Qg5 40.
Re1 Nxg4 41. Re2 Rc1 42. Rf2 Rc8 43. Rg2 Rf8+ 44. Ke2 Rf4 45. Rg1 Kh6 46. Bh3
Kh5 47. Bxg4+ Qxg4+ 48. Qxg4+ Rxg4 49. Ra1 Kg5 50. Kf3 Rf4+ 1/2-1/2

[Event "V Open Capo d'Orso"]
[Site "Portomannu - Palau ITA"]
[Date "2013.06.08"]
[Round "9"]
[White "Murgia, Andrea"]
[Black "Kyas, Juergen"]
[WhiteElo "1984"]
[BlackElo "2198"]
[Result "1/2-1/2"]
[PlyCount "20"]
[EventDate "2013.06.01"]

1. e4 c5 2. c3 d5 3. exd5 Qxd5 4. d4 e6 5. Nf3 Nf6 6. Na3 Be7 7. Be3 cxd4 8.
Nb5 Na6 9. Nbxd4 O-O 10. Bxa6 bxa6 1/2-1/2

[Event "V Open Capo d'Orso"]
[Site "Portomannu - Palau ITA"]
[Date "2013.06.08"]
[Round "9"]
[White "Murray, Jim G."]
[Black "Valet, Richard"]
[WhiteElo "1845"]
[BlackElo "2068"]
[Result "1/2-1/2"]
[PlyCount "31"]
[EventDate "2013.06.01"]

1. e4 c5 2. Nf3 Nc6 3. d4 cxd4 4. Nxd4 Nf6 5. Nc3 e5 6. Ndb5 d6 7. Bg5 a6 8.
Na3 b5 9. Nd5 Be7 10. Bxf6 Bxf6 11. c3 Rb8 12. Nc2 Bg5 13. Bd3 Be6 14. Nce3
Bxe3 15. Nxe3 O-O 16. Qf3 1/2-1/2

[Event "V Open Capo d'Orso"]
[Site "Portomannu - Palau ITA"]
[Date "2013.06.08"]
[Round "9"]
[White "Neri, Enzo"]
[Black "Bonafede, Alessandro"]
[WhiteElo "2052"]
[BlackElo "2353"]
[Result "0-1"]
[PlyCount "116"]
[EventDate "2013.06.01"]

1. d4 f5 2. g3 Nf6 3. Bg2 g6 4. Nf3 Bg7 5. c4 O-O 6. O-O d6 7. b4 Ne4 8. Bb2 g5
9. Nfd2 Nxd2 10. Nxd2 Nc6 11. Nb3 e5 12. b5 Ne7 13. dxe5 dxe5 14. Ba3 Qe8 15.
Qd2 Bf6 16. Rad1 a6 17. Qa5 b6 18. Qb4 e4 19. Nd4 Rf7 20. g4 Bxd4 21. Rxd4 axb5
22. Qd2 Nc6 23. Bb2 Rxa2 24. Qxg5+ Rg7 25. Rxe4 Rxg5 26. Rxe8+ Kf7 27. Bxc6 Bb7
28. Bxb7 Kxe8 29. Be5 Rxg4+ 30. Kh1 Rxc4 31. Bd5 Rxe2 32. Bxc4 Rxe5 33. f4 Rc5
34. Bg8 Kf8 35. Be6 b4 36. Rb1 Ke7 37. Bg8 Kf8 38. Be6 Rc6 39. Bd7 Rc4 40. Bxf5
h6 41. Rf1 c5 42. Kg2 b3 43. Kf3 b5 44. Rb1 Rc3+ 45. Ke4 c4 46. Ke5 Re3+ 47.
Kf6 Re7 48. Be6 Ke8 49. f5 Ra7 50. Rg1 Kd8 51. Rg8+ Kc7 52. Rg7+ Kb6 53. Rg1 b2
54. Rb1 c3 55. Bb3 Ra1 56. Bc2 b4 57. Ke5 b3 58. Be4 Rxb1 0-1

[Event "V Open Capo d'Orso"]
[Site "Portomannu - Palau ITA"]
[Date "2013.06.08"]
[Round "9"]
[White "Rombaldoni, Axel"]
[Black "L'Ami, Alina"]
[WhiteElo "2484"]
[BlackElo "2345"]
[Result "1/2-1/2"]
[PlyCount "76"]
[EventDate "2013.06.01"]

1. e4 e6 2. d4 d5 3. Nc3 Bb4 4. a3 Bxc3+ 5. bxc3 dxe4 6. Qg4 Nf6 7. Qxg7 Rg8 8.
Qh6 Bd7 9. Ne2 c5 10. dxc5 Na6 11. c6 Bxc6 12. Nd4 Ba4 13. Rb1 Nc5 14. Bb5+
Bxb5 15. Rxb5 Na4 16. Rg5 Nxc3 17. Rxg8+ Nxg8 18. Qg7 Nf6 19. O-O Ke7 20. Be3
Rc8 21. Nb3 Qd5 22. Re1 b6 23. Bg5 Qf5 24. Nd4 Qg6 25. Qxg6 hxg6 26. f3 e5 27.
fxe4 Rc4 28. Nf3 Rxe4 29. Rf1 Ncd5 30. c4 Rxc4 31. Nxe5 Re4 32. Nc6+ Ke6 33.
Nd8+ Ke7 34. Nc6+ Ke6 35. Nxa7 Ng4 36. Nc6 f6 37. Bd2 Ne5 38. Nb4 Nxb4 1/2-1/2

[Event "V Open Capo d'Orso"]
[Site "Portomannu - Palau ITA"]
[Date "2013.06.08"]
[Round "9"]
[White "Salzano, Guido"]
[Black "Lanzani, Mario"]
[WhiteElo "1990"]
[BlackElo "2303"]
[Result "0-1"]
[PlyCount "124"]
[EventDate "2013.06.01"]

1. e4 e5 2. Nf3 Nf6 3. Nxe5 d6 4. Nf3 Nxe4 5. Nc3 Nf6 6. d4 d5 7. Bd3 Bg4 8. h3
Bh5 9. O-O Be7 10. Bf4 O-O 11. Re1 c5 12. dxc5 Bxc5 13. g4 Bg6 14. Bxg6 fxg6
15. Be3 Bxe3 16. Rxe3 Nc6 17. Rd3 Qb6 18. Nxd5 Nxd5 19. Rxd5 Qxb2 20. Rb1 Qf6
21. Kg2 Rf7 22. Rd6 Qe7 23. Qd5 Rd8 24. Rxd8+ Qxd8 25. Qxd8+ Nxd8 26. Ne5 Rc7
27. Rd1 Nf7 28. Nxf7 Kxf7 29. Rd2 g5 30. Kg3 Ke6 31. f3 Rc3 32. Re2+ Kf6 33.
Rd2 Ra3 34. Rd7 b6 35. Rc7 h6 36. c4 Rxa2 37. c5 bxc5 38. Rxc5 Rd2 39. Rc7 a5
40. Ra7 Rd5 41. Kf2 Rd2+ 42. Ke3 Ra2 43. Ke4 Kg6 44. Ra6+ Kh7 45. Kf5 Ra1 46.
Ke5 Ra4 47. Ra7 Rf4 48. Rxa5 Rxf3 49. Ra1 Rxh3 50. Rg1 Rf3 51. Ke4 Rf4+ 52. Ke3
Kg6 53. Ke2 Kf6 54. Ke3 g6 55. Rh1 Kg7 56. Rg1 Rf8 57. Ke4 Ra8 58. Kf3 Ra3+ 59.
Ke4 Ra5 60. Rh1 Ra4+ 61. Kf3 Ra3+ 62. Ke4 Rg3 0-1

[Event "V Open Capo d'Orso"]
[Site "Portomannu - Palau ITA"]
[Date "2013.06.08"]
[Round "9"]
[White "Tommasini, Enzo"]
[Black "Del Nevo, Claudio"]
[WhiteElo "2161"]
[BlackElo "1840"]
[Result "1-0"]
[PlyCount "79"]
[EventDate "2013.06.01"]

1. d4 d6 2. Nf3 Nf6 3. g3 g6 4. Bg2 Bg7 5. O-O O-O 6. c4 c6 7. Nc3 Bg4 8. h3
Bc8 9. e4 Qc7 10. Be3 Nbd7 11. Qd2 a6 12. Rac1 c5 13. Rfd1 cxd4 14. Nxd4 Rb8
15. f4 e5 16. Nde2 Nb6 17. b3 Ne8 18. a4 Be6 19. Nd5 Bxd5 20. cxd5 Qd8 21. f5
Nd7 22. g4 b6 23. Bg5 Bf6 24. Bxf6 Nexf6 25. g5 Nh5 26. f6 Nc5 27. Rc3 Qd7 28.
Qe3 b5 29. a5 Rfc8 30. Rdc1 h6 31. b4 Na4 32. Rc6 Nb2 33. h4 Qg4 34. Qh3 Qxe2
35. Rxc8+ Rxc8 36. Rxc8+ Kh7 37. Rc7 Qe1+ 38. Kh2 Nc4 39. Rxf7+ Kg8 40. Rc7 1-0